00205 a2200109 4500001000700000020000600007040001100013100001900024240002400043245001900067362000900086176790 a  cMagnum aWollard, Kathy10aSabes porque ?lpor10aSabes porque ?0 a1899